000 00540nam a22001817a 4500
999 _c167339
_d167339
010 _aENG-126342
020 _a978-93-86191-37-3
_c350.00
035 _aEN-109874
037 _aDBAD/PUB
082 _aN
100 _aSubramanian,Sudha
245 _aLife Full Of Commas/
_cby Sudha Subramanian
260 _bPublished By LiFi
_c2018
_aDelhi
270 _a211, 2nd Floor, Gangandeep 12,Rajendra Place
_bDelhi
_e110008
_minfo@lifipublications.com
300 _a154p.
_b20cm.(pbk)
650 _aEnglish Novel
942 _2ddc
_cEN
_hN
_mSUB